The International Who's Who : Popular Music : 2007 /

Obra de referencia sobre la vida y la producción de los más famosos representantes de la música popular del mundo actual, en sus diversas manifestaciones como el pop, el rock, el folk, el country, el jazz y sus correspondientes formas dancísticas.

Guardado en:
Detalles Bibliográficos
Otros autores: Elser, Robert J. (edición) (edición)
Formato: Libro
Idioma:Inglés
Publicado: Londres, Inglaterra : Routledge, 2006, c2006
Edición:8a edición
Colección:(The Europa Biographical Reference Series)
Temas:
Etiquetas: Agrega una etiqueta
Sin etiquetas, Sé el primero en etiquetar este registro!

MARC

LEADER 00000nam^a2200000^a^4500
001 000193250
005 20250521000000.0
009 20260310102636.593
020 |a 1-85743-367-X 
037 |a Acervo ITESO - Biblioteca 
041 |a ING 
082 |a 920. 02  |b INT MPO 2007 
240 1 5 |a [The International Who's Who] 
245 0 4 |a The International Who's Who :  |b Popular Music : 2007 /  |c Ed. de R.J. Elser. 
250 |a 8a edición 
264 4 |a Londres, Inglaterra :  |b Routledge,  |c 2006, c2006 
300 |a XIV, 669 p. 
336 |a texto  |b txt  |2 rdacontenido 
337 |a sin mediación  |b n  |2 rdamedio 
338 |a volumen  |b nc  |2 rdasoporte 
440 5 |a (The Europa Biographical Reference Series) 
520 |a Obra de referencia sobre la vida y la producción de los más famosos representantes de la música popular del mundo actual, en sus diversas manifestaciones como el pop, el rock, el folk, el country, el jazz y sus correspondientes formas dancísticas. 
649 |a XX 
650 |a Músicos -  |x Biografías -  |x Tema Principal 
650 |a Biografías -  |x Enciclopedias y Diccionarios -  |x Tema Principal 
650 |a Música Moderna -  |x Historia y Crítica 
650 |a Música Popular -  |x Historia y Crítica 
650 |a Música Popular -  |x Enciclopedias y Diccionarios 
650 |a Enciclopedias y Diccionarios 
700 |a Elser, Robert J.  |e (edición) 
910 |a Fondo General 
920 |a Impresos - Libros 
930 |a Obras de Referencia 
905 |a 102 
901 |a 0500138199  |b IT2  |c REF  |u 20250521 
902 |a https://opac.biblio.iteso.mx/vufind/Record/000193250